000 00413nas a2200133 a 4500
008 100408c19809999||||||||||||||||| || u
050 _aUNO(05)
110 _aUnited Nations Economic and Social Affairs (UNESA)
245 1 0 _aAfrican Demography
260 _aLegon
_bResearch Cooperation and Publication Unit
_c1980
350 _a0.00
362 1 _aNumbers 15-17
650 _aPOPULATION RESEARCH--AFRICA--PERIODICALS
999 _c33727
_d33727